000
00249nam a2200109Ia 4500
008
190216s9999||||xx |||||||||||||| ||und||
100
_a
Fydor Dostoyevsky
245
0
_a
Crime And Punishment
260
_b
Raduga Pub
650
_a
English
942
_c
BK
999
_c
13545
_d
13545